00385nam a2200121Ia 4500008004100000082002100041100002300062245001800085260003200103300000900135630001800144650010100162211109s9999||||xx |||||||||||||| ||und|| a894.81207bMUN-K aMundassery, Joseph 0aKaviyapeedika bMANGALODAYAMaTRICHURc1962 a186p xGeneral Stack aMalayalam LiteraturevLiterary TheoryHistory of Malayala LiteratureLiterary CriticismxMalayalam